| 000 | 00798nam a2200181Ia 4500 | ||
|---|---|---|---|
| 008 | 090630s9999 xx 000 0 und d | ||
| 082 | _b14963 | ||
| 100 | _aखरे माहुरकर. | ||
| 245 |
_aभारतातील निगम विषयक कायदा. _cखरे माहुरकर. |
||
| 260 |
_bमहाराष्ट्र विद्यापीठ ग्रंथनिर्मिती मंडळ - नागपूर. _c1979 |
||
| 300 | _a325 | ||
| 600 | _aखरे माहुरकर. | ||
| 630 | _aभारतातील निगम विषयक कायदा. | ||
| 655 | _aइतर. | ||
| 700 | _aखरे माहुरकर. | ||
| 730 | _aभारतातील निगम विषयक कायदा. | ||
| 942 | _cBOOK | ||
| 999 |
_c266819 _d266819 |
||